000 00646nam a2200241Ia 4500
003 OSt
005 20220918230036.0
006 a|||||r|||| 00| 0
007 ta
008 220917b |||||||| |||| 00| 0 eng d
024 _a247,945
037 _cTextual
040 _aARTS
_cARTS
_beng
041 _2eng
_aeng
082 _aX61:75.2.N7, M1
100 _aGupta Suraj B.
_9151754
245 0 _aMonetary planning for India
260 _aDelhi
_bOxford University Press India
_c1981
300 _a240p.
_ccm.
650 _aECONOMICS
942 _hX61:75.2.N7, M1
_cTEXL
_2CC
999 _c286857
_d286857